000 00267nam a22000977a 4500
005 20250901165549.0
008 211013b |||||||| |||| 00| 0 eng d
050 _aHF1141 .D73 2004
245 _aBusiness
_cDRANSFIELD, ROB
942 _2lcc
_hHF1141 .D73 2004
999 _c5928
_d5928